| 000 | 00671nam a2200217Ia 4500 | ||
|---|---|---|---|
| 003 | OSt | ||
| 005 | 20260121150211.0 | ||
| 008 | 210716s1991 xx 000 0 und d | ||
| 040 | _cAIMIT LIBRARY | ||
| 041 | _aeng | ||
| 082 |
_a006.62 _21 _bMEHS |
||
| 100 |
_aMehta, Subhash. _9252096 |
||
| 245 |
_aPC companion / _cBy Subhash Mehta. |
||
| 250 | _a1st ed. | ||
| 260 |
_aNew Delhi : _bBPB Publications , _c1991. |
||
| 300 |
_axx,347p. ; _bPB _c23.3 cm |
||
| 650 |
_aGeneral computer basics- what is a computer _9252097 |
||
| 650 |
_aYour friendly MS-DOS _9252098 |
||
| 650 |
_aBasic programming on the IBM- PC compatible. _9252099 |
||
| 942 |
_2ddc _cBK _e1st _k006.62 MEHS |
||
| 999 |
_c181913 _d181913 |
||